तो ची दिवाळी दसरा. (Record no. 263188)

MARC details
000 -LEADER
fixed length control field 00681nam a2200181Ia 4500
008 - FIXED-LENGTH DATA ELEMENTS--GENERAL INFORMATION
fixed length control field 090630s9999 xx 000 0 und d
082 ## - DEWEY DECIMAL CLASSIFICATION NUMBER
Item number 11332
100 ## - MAIN ENTRY--PERSONAL NAME
Personal name शेवडे गुरुजी.
245 ## - TITLE STATEMENT
Title तो ची दिवाळी दसरा.
Statement of responsibility, etc शेवडे गुरुजी.
260 ## - PUBLICATION, DISTRIBUTION, ETC. (IMPRINT)
Name of publisher, distributor, etc शेवडे रा. वा. - कोल्हापूर.
Date of publication, distribution, etc 1991
300 ## - PHYSICAL DESCRIPTION
Extent 15
600 ## - SUBJECT ADDED ENTRY--PERSONAL NAME
Personal name शेवडे गुरुजी.
630 ## - SUBJECT ADDED ENTRY--UNIFORM TITLE
Uniform title तो ची दिवाळी दसरा.
655 ## - INDEX TERM--GENRE/FORM
Genre/form data or focus term बालवाङमय.
700 ## - ADDED ENTRY--PERSONAL NAME
Personal name शेवडे गुरुजी.
730 ## - ADDED ENTRY--UNIFORM TITLE
Uniform title तो ची दिवाळी दसरा.
942 ## - ADDED ENTRY ELEMENTS (KOHA)
Koha item type Book
Holdings
Withdrawn status Lost status Damaged status Not for loan Home library Current library Date acquired Cost, normal purchase price Total Checkouts Full call number Barcode Date last seen Cost, replacement price Price effective from Koha item type
        Sarvajanik Wachanalaya Shrivardhan Sarvajanik Wachanalaya Shrivardhan   2.00   11332 SAWASHRI-11332 06/30/2009 2.00 06/30/2009 Book